000
00194 a2200097 4500
001
6447
100
_a
Beg, A A
245
_a
Bet of the East, The
260
_a
_b
Khawar
_c
090
_c
5306
_d
5306
942
_a
NUST-CAE
_c
M
_c
31719
999
_c
241520
_d
241520